| 000 | 01132nam a22003377a 4500 | ||
|---|---|---|---|
| 003 | CHAP | ||
| 005 | 20220329140843.0 | ||
| 008 | 971013s1995 r 00010 d | ||
| 010 | _a58681 | ||
| 011 | _a59653 | ||
| 035 | _a63813 | ||
| 040 | _cCHAP | ||
| 090 | _aTesis | ||
| 100 | 0 | 0 |
_aGarcía Romo, Lorenzo. _946552 |
| 245 | _aEvaluación de 81 genotipos de girasol (Helianthus annuus L.) para producción de semilla | ||
| 260 |
_aChapingo, Méx. : _bEl autor, _c1995 |
||
| 300 | _a61 h. | ||
| 502 | _aTesis (Ing. Agr. Esp. en Fitotecnia) -- UACH. Departamento de Fitotecnia | ||
| 590 |
_aALEPH _b10 _c20130110 _lUCH01 _h1337 |
||
| 590 |
_aBATCH-UPD _b10 _c20130110 _lUCH01 _h0658 |
||
| 590 |
_aBATCH-UPD _b10 _c20130410 _lUCH01 _h0343 |
||
| 590 |
_aBATCH-UPD _b10 _c20130914 _lUCH01 _h1530 |
||
| 590 |
_aCONVERSION _b10 _c20130109 _lUCH01 _h1332 |
||
| 650 | 1 | 4 |
_aGirasol _xMejoramiento. _948162 |
| 650 | 1 | 4 |
_aGirasol _xSemilla. _948175 |
| 650 | 1 | 4 |
_aGirasol _xVariedades. _948186 |
| 901 | _aBK | ||
| 942 | _cFOLL | ||
| 949 |
_bBC _cTES _d-137708 _eTS1 _h28620 _i63813 _si |
||
| 949 |
_bBC _cTES _d33724000079448 _eTS2 _fc.2 _h28621 _i63813 _si |
||
| 999 |
_c58681 _d58681 |
||